| 000 | 00724nam a2200229 a 4500 | ||
|---|---|---|---|
| 001 | BRCA_1178 | ||
| 005 | 20190320203321.0 | ||
| 008 | 920916s1991 mx-a---###---#000-0#spa-# | ||
| 020 | _a9686724001 | ||
| 040 |
_aDLC _cDLC |
||
| 050 | 4 |
_aF1226 _b.C66 1991 |
|
| 100 | 1 |
_aCortina Portilla, Manuel _9755 |
|
| 245 | 1 | 0 |
_aSucedió en el valle _cManuel Cortina Portilla |
| 260 |
_aMéxico _bCONSA _c1991 |
||
| 300 |
_a68 p. _bil. (algunas a color) _c30 cm. |
||
| 651 | 4 |
_aCiudad de México _xDescripción y recorrido. _93887 |
|
| 651 | 4 |
_aCiudad de México _xHistoria _9691 |
|
| 651 | 4 |
_aValle de México _xDescripción y recorrido _93888 |
|
| 651 | 4 |
_aValle de México _xHistoria _93889 |
|
| 653 | 0 | _aVida cotidiana | |
| 942 |
_2lcc _cB |
||
| 999 |
_c1055 _d1055 |
||